| 000 | 02016cam a22004934i 4500 | ||
|---|---|---|---|
| 003 | PE-LiUPU | ||
| 005 | 20250731173100.0 | ||
| 008 | 150623s r 000 0 d | ||
| 020 | _a0805410473 | ||
| 035 | _a(Sirsi) i9780805410471 | ||
| 040 |
_aPE-LiUPU _bspa _cPE-LiUPU _erda |
||
| 049 | _aPRUA | ||
| 082 | 0 | 4 |
_a291.90973 _bB81 _221 |
| 100 | 1 |
_aBraswell, George W., _eautor. |
|
| 245 | 1 | 0 |
_aUnderstanding sectarian groups in America / _cGeorge W. Braswell. |
| 264 | 1 |
_aNashville, Tennessee : _bBroadman & Holman Publishers, _c1994. |
|
| 300 |
_a375 páginas ; _c23 centímetros |
||
| 336 |
_atext _2rdacontent |
||
| 337 |
_aunmediated _2rdamedia |
||
| 338 |
_avolume _2rdacarrier |
||
| 504 | _aIncluye bibliografía. | ||
| 505 | 0 | _aThe church of Jesus Christ of latter-day saints. -Jehovah´s witnesses. -The unification church. -Chirstian science, unity, and dcientology. -The occult. -Hinduism in America. -Buddhism in America. -Islam and the Baha´i in America. -The new voices, visions, movements. | |
| 526 | _aSEG42 | ||
| 526 | _aSEG41 | ||
| 526 | _aSEG40 | ||
| 526 | _aSEG39 | ||
| 526 | _aP94 | ||
| 526 | _aP87 | ||
| 526 | _aP86 | ||
| 526 | _aP85 | ||
| 526 | _aP77 | ||
| 526 | _aP76 | ||
| 526 | _aP35 | ||
| 650 | 0 | 4 |
_aSectas _zEstados Unidos. |
| 942 |
_2ddc _cBOOK |
||
| 949 |
_a291.90973 B81 _wDEWEY _c1 _i48824 _lCCODEBUL1 _mBUL _r0 _sY _tBOOK _u2015-6-24 _xTEOLOGIA _PP35 _0COMPRA _o.STAFF. Colección General |
||
| 949 |
_a291.90973 B81 _wDEWEY _c2 _i50767 _lCCODEBUL1 _mBUL _r0 _sY _tBOOK _u2015-6-24 _xTEOLOGIA _PP35 _0COMPRA _o.STAFF. Colección General |
||
| 994 |
_aC0 _bPEPRU |
||
| 596 | _a1 | ||
| 999 |
_a291.90973 B81 _wDEWEY _c27986 _i48824 _f2021-11-12 _g5 _lCCODEBUL1 _mBUL _r0 _sY _tBOOK _u2015-6-24 _xTEOLOGIA _PP35 _0COMPRA _o.STAFF. Colección General _d27986 |
||
| 999 |
_a291.90973 B81 _wDEWEY _c2 _i50767 _f2021-11-12 _g5 _lCCODEBUL1 _mBUL _r0 _sY _tBOOK _u2015-6-24 _xTEOLOGIA _PP35 _0COMPRA _o.STAFF. Colección General |
||
| 980 |
_81 _gALBERTO SANCHEZ Responsable de Automatización |
||